[Event "FRA-ch"]
[Site "Narbonne"]
[Date "1997.08.23"]
[Round "8"]
[White "Prie, Eric"]
[Black "Lepelletier, Benoit"]
[Result "1-0"]
[WhiteElo "2465"]
[BlackElo "2480"]
[Annotator "Mueller,Karsten"]
[PlyCount "121"]
[EventDate "1997.08.15"]
[EventType "tourn"]
[EventRounds "15"]
[EventCountry "FRA"]
[EventCategory "9"]
[SourceTitle "CBM 061"]
[Source "ChessBase"]
[SourceDate "1997.11.23"]
[SourceVersion "1"]
[SourceVersionDate "1997.11.23"]
[SourceQuality "1"]

1. e4 d5 2. exd5 Nf6 3. Nf3 Nxd5 4. c4 Nb6 5. d4 g6 6. Be2 Bg7 7. O-O O-O 8.
Nc3 Nc6 9. d5 Ne5 (9... Na5 10. c5 Bxc3 11. cxb6 Bg7 12. bxc7 Qxc7 13. Qa4 Bd7
14. Qb4 $14 {1-0 Himdan,M-Mohamed,F/Cairo-B 1997/EXP 57 (36)}) 10. c5 (10. Qb3
e6 11. Rd1 exd5 12. cxd5 Bg4 13. Nd4 (13. Ne4 h6 14. a4 Re8 15. a5 Nbd7 16. d6
Nxf3+ 17. Bxf3 Rxe4 {1/2-1/2 Podlesnik,B-Piskur,M/Bled op 1992/CBM 29}) 13...
Bxe2 14. Ndxe2 Re8 15. a4 a5 16. Bf4 g5 17. Bg3 h5 18. d6 cxd6 19. Ne4 $14 {
1-0 Lanka,Z-Thorhallsson,T/Gausdal Int 1991/CBM 25/[Blatny,P] (33)}) (10. Nxe5
Bxe5 11. Bh6 (11. Bg5 c6 12. Rc1 cxd5 13. cxd5 Qd6 $11 {1-0 Frolov,A-Maljutin,
E/URS-qualJ Sochi 1990/TD 90\02 (50)}) 11... Re8 12. Qd2 (12. f4 Bf6 13. c5
Bxc3 14. bxc3 Nxd5 15. Qd4 $44 {Smyslov,V-Thorhallsson,T/Reykjavik Olafsson
1995/CBM 49/1-0 (46)}) 12... e6 13. Rad1 (13. Rfe1 $5) 13... exd5 14. cxd5 Bf5
15. h3 c6 16. dxc6 bxc6 17. Qxd8 Raxd8 18. Rxd8 Rxd8 19. Rc1 f6 20. Be3 Kg7 21.
a4 {1/2-1/2 Marciano,D-Thorhallsson,T/Reykjavik FRA-ISD 1993/CBM 35}) 10...
Nbd7 (10... Nxf3+ 11. Bxf3 Nc4 12. Qe2 Ne5 13. Be4 c6 14. Bf4 $14 {0-1 Efler,
D-Buchnicek,P/CSR-ch 1992/TD 92\10 (37)}) 11. Be3 b6 (11... c6 12. Nxe5 Nxe5
13. f4 Nd7 14. Bf3 Qa5 $2 15. dxc6 Nxc5 16. Nd5 $18 {1-0 Hauchard,A-Bruneau,L/
Paris-ch 1992/EXT 92ch (21)}) (11... Nxf3+ 12. Bxf3 Ne5 13. Be2 c6 (13... f5 $2
14. f4 Ng4 15. Bxg4 fxg4 16. Bd4 Bf5 17. Bxg7 Kxg7 18. Qd4+ $16 {1-0 Vogt,
L-Preissmann,E/SWZ-chT 1993/TD 93\08 (45)}) (13... b6 14. Rc1 bxc5 15. Bxc5 Bb7
16. Qb3 Nd7 17. Ba3 $14 {1/2-1/2 Magem Badals,J-Pomes,J/San Sebastian op 1993/
TD 93\03 (28)}) 14. f4 Nd7 15. Bf3 Qa5 $2 (15... cxd5 16. Qxd5 Qa5 17. c6 $1
$16) (15... Qc7 16. Rc1 Nf6 17. Qe2 Rd8 18. Rfd1 $14 {Brodskij,M; Vaisman,A /
Inf 53}) 16. dxc6 Nxc5 17. Nd5 $18 {1-0 Brodsky,M-Maljutin,E/Moscow6 1991/TD
91\03 (31)}) 12. c6 Nxf3+ 13. Bxf3 Nf6 14. Re1 Ne8 15. Bg5 Bf6 16. Bh6 Nd6 $2 {
Der Springer d6 und der schwarzfeldrige Läufer stehen zwar gut, doch wird der
weißfeldrige Läufer Schwarz noch Kopfzerbrechen bereiten. Daher sollte er
besser nicht die Qualität opfern.} (16... Bg7 17. Bxg7 Nxg7 18. Qe2 Re8 19.
Rad1 $14) 17. Bxf8 $16 Qxf8 18. a4 a6 19. Ra2 Qd8 20. Ne2 Qf8 21. b3 Rb8 22.
Ng3 Qd8 23. Qc1 Ra8 24. a5 b5 25. Qc5 Bf5 26. h3 Kg7 27. Rae2 Kf8 28. Bg4 Bc8
29. Ne4 Nxe4 30. Rxe4 h5 31. Bf3 Qd6 32. Qxd6 cxd6 33. g4 hxg4 34. Bxg4 Bxg4
35. hxg4 Rc8 36. Rc1 Rc7 37. f4 g5 38. fxg5 Bxg5 39. Rc2 Kg7 40. Kf2 Bf6 41.
Ke3 Kg6 42. Kd3 Kg5 43. Rf2 Kg6 44. Ref4 Rc8 45. Rf5 Rh8 46. c7 Rc8 47. Rc2 e6
48. Rff2 Bh4 49. Rfe2 e5 50. Rc6 Kg5 51. Rec2 Kxg4 52. Ke2 f5 53. Rb6 Bd8 54.
cxd8=Q Rxd8 55. Rxa6 Rh8 56. Rxd6 f4 57. Re6 Kf5 58. Kf1 e4 59. Rc7 Kg4 60. Kg2
f3+ 61. Kf2 1-0

[Event "Recklinghausen"]
[Site "Recklinghausen"]
[Date "1998.07.29"]
[Round "5"]
[White "Luther, Thomas"]
[Black "Siegel, Georg"]
[Result "1/2-1/2"]
[WhiteElo "2510"]
[BlackElo "2540"]
[Annotator "Mueller,Karsten"]
[PlyCount "80"]
[EventDate "1998.07.25"]
[EventType "tourn"]
[EventRounds "9"]
[EventCountry "GER"]
[EventCategory "12"]
[SourceTitle "CBM 067"]
[Source "ChessBase"]
[SourceDate "1998.11.30"]
[SourceVersion "2"]
[SourceVersionDate "1998.11.01"]
[SourceQuality "1"]

1. e4 d5 2. exd5 Qxd5 3. Nc3 Qa5 4. Nf3 c6 5. d4 Nf6 6. Bc4 Bg4 7. h3 Bh5 8.
Bd2 e6 9. Qe2 Bb4 10. O-O-O Nbd7 (10... Nd5 11. Bxd5 Bxc3 12. Bxc6+ Nxc6 13.
Bxc3 Qxa2 14. d5 O-O-O 15. b3 exd5 16. Rhe1 Rd6 17. g4 Bg6 18. Nd4 Nxd4 19.
Rxd4 Re6 20. Ra4 Qxa4 21. bxa4 Rxe2 22. Rxe2 {1/2-1/2 Benko,P-Steinmeyer,R/
USA-ch New York 1963/MCD-ch (22)}) 11. g4 Bg6 12. h4 $5 $146 (12. a3 Bxc3 13.
Bxc3 Qc7 14. Ne5 Nd5 (14... Ne4 15. Bb4 Nxe5 16. dxe5 Qxe5 17. Qe3 $40 {
[%cal Gb4f8,Gd1d8] 1-0 Kudrin,S-Berg,K/Hamar op 1983/MCD-op (25)}) 15. Bd2 Nxe5
(15... O-O-O 16. Nxg6 hxg6 17. Qf3 $14 {1/2-1/2 Kudrin,S-Rogers,I/Valjevo 1984/
MCD-r8 (45)}) 16. dxe5 O-O-O 17. f4 h5 18. Qf3 (18. Qf2 Qb6 19. Rhf1 $14 {
1/2-1/2 Adams,M-Rogers,I/Groningen 1990/CBM 21/[King] (37)}) 18... Ne7 19. Qf2
$14 {1-0 Minasian,A-Prie,E/Paris 1994/EXT 94b (36)}) (12. Kb1 O-O-O 13. a3 Bxc3
14. Bxc3 Qc7 15. Bd2 $14 {1-0 Dolmatov,S-Rogers,I/Tallinn 1985/MCL 06 (34)})
12... h5 $1 (12... Nxg4 $2 13. Bxe6 $16) 13. g5 (13. Bxe6 $2 fxe6 14. Qxe6+ Kf8
$19) 13... Nd5 $1 14. Nxd5 Bxd2+ 15. Qxd2 Qxd2+ 16. Kxd2 cxd5 17. Bb5 $14 {
Thomas Luther hat zielstrebig in ein leicht besseres Endspiel abgewickelt, das
allerdings bei genauer Verteidigung remis enden sollte.} f6 (17... Be4 $6 18.
Ne5 Bxh1 19. Bxd7+ Ke7 20. Rxh1 f6 21. gxf6+ gxf6 22. Ng6+ Kxd7 23. Nxh8 Rxh8
24. Rg1 $14) (17... a6 $5 18. Bxd7+ Kxd7 19. Ne5+ Kd6 {sieht zwar auf den
ersten Blick nicht gut aus, doch scheint mir die schwarze Stellung haltbar zu
sein, z.B.} 20. Nxg6 fxg6 21. Rde1 Rhf8 $11) 18. gxf6 (18. Rde1 Be4 19. Rh3 Ke7
$11) 18... gxf6 19. Rhg1 Rg8 20. Rg3 Ke7 21. Rdg1 Bf7 22. Ne1 (22. Rg7 Rxg7 23.
Rxg7 Nb6 24. Bd3 Rg8 $11) 22... Rxg3 23. Rxg3 Nb6 24. Ng2 Rc8 (24... Rg8 25.
Rxg8 Bxg8 26. Nf4 Bf7 27. Be2 Nc4+ 28. Kc1 Nd6 $11) 25. b3 Rf8 26. Nf4 e5 27.
Ng6+ Bxg6 28. Rxg6 Kf7 29. Rg3 (29. Rh6 {ist natürlich riskanter als die
Partiefortsetzung, weil der Turm auf h5 aus dem Spiel kommt. Ich habe
allerdings keinen Weg gefunden dies auszunutzen.} Kg7 (29... Nc4+ $2 30. bxc4
Kg7 31. dxe5 Kxh6 32. e6 $18) 30. Rxh5 Kg6 31. Be2 {Kann Schwarz aus der
Abseitsstellung des Turm Kapital schlagen ?}) 29... exd4 30. Be2 Rh8 31. Kd3
Nc8 32. Kxd4 {Zwar steht Weiß viel bequemer, doch sollten die schwarzen
Resourcen ausreichen, um die Stellung zu halten.} Ne7 33. Bd3 (33. Rc3 $5)
33... Ke6 34. Rg7 Kd6 35. Ke3 a5 36. Kf4 a4 37. bxa4 Ra8 38. Bb5 (38. Rh7 $5
Rxa4+ 39. Kg3 $14 {hätte Weiß noch versuchen können.}) 38... Rc8 39. Bd3 Ra8
40. Bb5 Rc8 1/2-1/2

[Event "Recklinghausen"]
[Site "Recklinghausen"]
[Date "1998.07.29"]
[Round "5"]
[White "Mainka, Romuald"]
[Black "Stefanova, Antoaneta"]
[Result "1/2-1/2"]
[WhiteElo "2500"]
[BlackElo "2480"]
[Annotator "Mueller,Karsten"]
[PlyCount "95"]
[EventDate "1998.07.25"]
[EventType "tourn"]
[EventRounds "9"]
[EventCountry "GER"]
[EventCategory "12"]
[SourceTitle "CBM 067"]
[Source "ChessBase"]
[SourceDate "1998.11.30"]
[SourceVersion "2"]
[SourceVersionDate "1998.11.01"]
[SourceQuality "1"]

1. e4 d5 2. exd5 Qxd5 3. Nc3 Qa5 4. d4 Nf6 5. Nf3 c6 6. Bc4 Bf5 7. Bd2 e6 8.
Nd5 Qd8 9. Nxf6+ gxf6 10. c3 Nd7 (10... Qc7 11. Nh4 Bg6 12. Qf3 Nd7 13. Qh3 $1
Bg7 $8 (13... Rg8 $2 14. Bxe6 $18) 14. O-O O-O-O (14... O-O $5 {ist eine
Anregung von Matthias Wahls}) 15. b4 $1 $16 {1-0 Almasi,Z-Kindermann,S/
Oesterreich 1995/Inf 63/[Almasi,Z] (40)}) 11. Qe2 (11. Bf4 Nb6 12. Be2 Nd5 13.
Bg3 Qb6 14. c4 Qb4+ 15. Nd2 Nb6 16. Qc1 Bh6 17. a3 Qe7 18. Qc3 O-O {1/2-1/2
Khalifman,A-Wahls,M/BL9596 1996/BL 90 (18)}) 11... Bd6 12. Nh4 Bg6 13. g3 Qc7 (
13... Nb6 14. Bb3 Qc7 15. c4 c5 16. d5 O-O-O 17. dxe6 Rhe8 $132 {0-1 Santo
Roman,M-San Marco,B/FRA-chT 1994/TD 94\03 (33)}) 14. O-O O-O-O {die
unterschiedlichen Rochaden geben im folgenden die Pläne vor. Beide Seiten
versuchen, durch Vormarsch der Bauern Linien zu öffnen, um dem gegnerischen
Monarchen zu Leibe zu rücken.} 15. b4 f5 16. a4 f4 17. Ng2 Rdg8 18. Qf3 (18.
Bxf4 $2 Bxf4 19. Nxf4 $2 Qxf4 $1 $19) 18... fxg3 19. fxg3 h5 20. Nh4 Bc2 {
[%cal Gd6g3,Gg8g3]} 21. Qe2 $2 {spielt mit dem Feuer...} (21. Bf4 $142 $5)
21... Bxg3 $1 22. hxg3 Qxg3+ 23. Ng2 h4 $1 (23... Nb6 $2 24. Rxf7 Qxg2+ (24...
Nxc4 $2 25. Qxe6+ Kb8 26. Bf4+ $18) 25. Qxg2 Rxg2+ 26. Kxg2 Nxc4 27. Bf4 $18)
24. Bf4 (24. Be1 Qg6 25. Kh2 Be4 26. Ra2 Nb6 $19) 24... Qg6 (24... Qxc3 $5 {
(Fritz5)} 25. Kh2 (25. Rac1 Qxd4+ 26. Be3 (26. Kh2 h3 27. Ne3 Be4 $19) 26...
Rxg2+ 27. Kxg2 Qg7+ $19) 25... h3 26. Ne3 Be4 $19) 25. Rf3 (25. Rf2 Be4 (25...
Bb1 $5) 26. Re1 f5 27. Kh2 h3 28. Ne3 Rh4 29. Bxe6 (29. Bd6 f4 $19) 29... Qxe6
30. Bg3 Rxg3 $1 (30... Rh6 $2 31. Nxf5 $1 Bxf5 32. Rxf5 $1 $13) 31. Kxg3 Qh6
$19) 25... Be4 $6 (25... h3 $1 26. Rg3 Qe4 $19) 26. Kh2 $1 Nf6 $6 (26... Bxf3
$5 27. Qxf3 h3 28. Ne3 Qg2+ 29. Nxg2 hxg2+ 30. Kg1 Rh1+ 31. Kf2 Rxa1 32. Bh2
Rg6 $17) 27. Ne3 Bxf3 28. Qxf3 Ne4 29. Bd3 $1 (29. Be5 $6 Nd2 30. Qe2 Nxc4 31.
Nxc4 f6 32. Bf4 e5 33. dxe5 h3 $19) 29... f5 $6 (29... Nd2 $5 30. Qe2 Nf3+ (
30... Qf6 $5) 31. Qxf3 (31. Kh1 $2 Qg1+ 32. Rxg1 Rxg1#) (31. Kh3 $2 Qg3+ 32.
Bxg3 Rxg3#) 31... Qxd3 32. Ra2 {und Schwarz sollte besser stehen.}) 30. Re1
Nxc3 $2 {dieser gierige Bauernraub verliert Zeit und öffnet Linien am
Damenflügel. Ich vermute, daß die Partie spätestens ab hier durch
beiderseitige, hochgradige Zeitnot gekennzeichnet ist.} ({Mit} 30... h3 $1 {
hätte weiter auf Angriff gespielt werden sollen, z.B.} 31. Bxe4 fxe4 32. Qe2
Rh4 33. Qf2 (33. Be5 $2 {[%tqu "De","Schwarz zieht und gewinnt","","","g6g2",
"",6]} Qg2+ $3 34. Nxg2 hxg2+ 35. Kg1 Rh1+ 36. Kf2 Rxe1 37. Qxe1 g1=Q+ 38. Qxg1
e3+ $19) 33... Rh7 $40) 31. b5 $1 Ne4 32. bxc6 bxc6 33. Rb1 $1 $11 Kd8 34. Rb8+
Ke7 35. Rb7+ Ke8 36. Rb8+ Kd7 37. Nc4 $4 {[%mdl 8192] statt sich mit Remis
durch Dauerschach zu begnügen, unternimmt Romuald Mainka diesen Gewinnversuch.
Allerdings dürfte er den nächsten schwarzen Zug übersehen haben...} (37. Rb7+
$11) 37... Qg1+ 38. Kh3 Nf2+ (38... Rg3+ 39. Qxg3 (39. Bxg3 Ng5#) 39... Qh1+
40. Qh2 Nf2#) 39. Qxf2 Qxf2 $6 (39... Qh1+ 40. Bh2 (40. Qh2 Qf3+ 41. Qg3 hxg3+
42. Bh6 Rxh6#) 40... Rg3+ 41. Qxg3 hxg3+ 42. Rxh8 Qxh2#) 40. Ne5+ (40. Rb7+ Kd8
$1 41. Rb8+ Ke7 42. Rb7+ Kf6 43. Be5+ Kg6 $19) 40... Ke7 $4 {[%mdl 8192]
ausgerechnet im 40.Zug gibt die Schwarze den Gewinn wieder aus der Hand} (40...
Kd6 $19) 41. Rb7+ $11 Kf8 (41... Kf6 $4 42. Rf7#) (41... Kd6 $4 42. Rd7#) (
41... Kd8 42. Nf7+ Kc8 43. Nd6+ Kd8 44. Nf7+ $11) 42. Rb8+ Ke7 43. Rb7+ Kf8 44.
Rb8+ Kg7 45. Rb7+ Kf8 46. Rb8+ Ke7 47. Rb7+ Ke8 48. Rb8+ 1/2-1/2

[Event "MK Cafe Cup-A"]
[Site "Koszalin"]
[Date "1999.08.05"]
[Round "3"]
[White "Antoniewski, Rafal"]
[Black "Teske, Henrik"]
[Result "1-0"]
[WhiteElo "2417"]
[BlackElo "2515"]
[Annotator "Mueller,Karsten"]
[PlyCount "93"]
[EventDate "1999.08.03"]
[EventType "swiss"]
[EventRounds "9"]
[EventCountry "POL"]
[SourceTitle "CBM 073"]
[Source "ChessBase"]
[SourceDate "1999.12.01"]
[SourceVersion "1"]
[SourceVersionDate "1999.12.01"]
[SourceQuality "1"]

1. e4 d5 2. exd5 Nf6 3. c4 e6 4. dxe6 Bxe6 5. Nf3 Nc6 6. Be2 Bc5 7. O-O Qd7 8.
Nc3 O-O-O 9. a3 (9. Na4 Bd4 10. d3 Rhe8 11. Bf4 Bf5 $44 {0-1 Brunner,L-Manor,I/
Bern 1990/CBM 17 (36)}) 9... Nd4 10. b4 $6 (10. Nxd4 Bxd4 11. d3 Rhe8 $44 {
1/2-1/2 Ostermeyer,P-Hartmann,G/BL8889 1989/BL 80 (24)}) 10... Nxf3+ 11. Bxf3
Bd4 12. Qb3 $2 (12. c5 $142 $44) 12... Bg4 $1 13. Bxg4 Nxg4 14. Ra2 (14. h3
Nxf2 15. Rxf2 Qf5 16. Nd1 Qe6 $19) 14... Qd6 15. g3 Qh6 16. h4 Bxf2+ $1 {
[%mdl 128]} 17. Rxf2 Rd3 $6 {bis zu diesem Moment hat Henrik Teske die Partie
konsequent geführt. Doch in der Folge kommt er etwas vom Kurs ab.} (17... Nxf2
18. Kxf2 Rd3 19. Qd1 Qg6 20. Qf1 Qxg3+ 21. Ke2 Rd7 $19) 18. Rg2 Re8 $6 (18...
Qf6 $5 19. Bb2 (19. Qd1 Qd4+ 20. Kh1 Rxg3 $19) (19. Qa4 Rxg3 20. Qxa7 Re8 21.
Qa8+ Kd7 22. Qa4+ c6 $19) 19... Re8 20. Ra1 Qd4+ 21. Kh1 Nf2+ 22. Kg1 (22. Kh2
Qg4 $19) 22... Ne4+ 23. Kh2 Nxg3 $19) 19. Qd1 $1 Qb6+ 20. c5 Qe6 21. Qf1 (21.
Kh1 Qf5 $19) 21... Qc4 $6 (21... Ne5 $1 22. Qe2 Qd7 $19) 22. Kh1 g6 $2 (22...
Re5 $142 $1 $40) 23. Re2 $1 Red8 24. Re4 R8d4 25. Rxd4 Qxd4 26. Qf4 Qd7 27. Kg2
f5 28. Rc2 Qc6+ 29. Kg1 a6 (29... Rf3 $2 30. Nb5 $18) 30. a4 Qe6 (30... Rf3 $2
31. b5 axb5 32. axb5 Qxc5+ 33. d4 Rxf4 34. dxc5 Rc4 35. Ba3 $18) 31. b5 h6 (
31... Qe1+ $2 32. Kg2 $18) 32. b6 $2 ({Nach} 32. Kg2 {sollte Weiß besser
stehen, auch wenn es nach wie vor nicht leicht ist, den schwarzen Druck
abzuschütteln.}) 32... cxb6 33. cxb6 ({Auf} 33. Ne2 $5 {folgt} b5 $1 $13 ({
und nicht} 33... Qxe2 $2 34. cxb6+ Kd7 35. Rc7+ Ke8 36. Rc8+ Rd8 37. Rxd8+ Kxd8
38. Qb8+ Kd7 39. Qxb7+ Ke6 40. Qc6+ Kf7 41. Qd7+ Kg8 42. Qd5+ Kf8 43. Ba3+ Kg7
44. Bb2+ Kf8 45. Qd8+ Kf7 46. Qd7+ Kf8 47. Ba3+ Kg8 48. Qd8+ Kh7 49. Qe7+ $18))
33... Qxb6+ 34. Kg2 (34. Kf1 Qb3 35. Rb2 Qe6 36. Rc2 Qb3 $11) 34... Qc6+ 35.
Kg1 Qc5+ 36. Kg2 Qc6+ 37. Kg1 Rf3 $2 (37... Qb6+ $11) 38. Ne2 $1 $18 Qxc2 39.
Qxf3 Qxa4 40. d4 Kb8 41. d5 Qc4 42. Kg2 Ka8 43. Bb2 Kb8 (43... Qxd5 44. Qxd5
Ne3+ 45. Kf3 Nxd5 46. Nf4 Nxf4 47. Kxf4 $18) 44. Bd4 Kc8 45. h5 gxh5 46. Qxf5+
Kc7 47. Qe6 (47. Qe6 b5 48. Kg1 $18) (47. Qf4+ $5 Kc8 48. Qf8+ Kc7 49. d6+ Kd7
50. Qe7+ Kc6 51. Qc7+ $18) 1-0

[Event "Bundesliga 0102"]
[Site "Germany"]
[Date "2002.04.27"]
[Round "14.3"]
[White "Brynell, Stellan"]
[Black "Hodgson, Julian M"]
[Result "1/2-1/2"]
[WhiteElo "2486"]
[BlackElo "2581"]
[Annotator "Mueller,Karsten"]
[PlyCount "72"]
[EventDate "2001.10.06"]
[EventType "team-tourn"]
[EventRounds "15"]
[EventCountry "GER"]
[SourceTitle "CBM 089"]
[Source "ChessBase"]
[SourceDate "2002.08.12"]
[SourceVersion "1"]
[SourceVersionDate "2002.08.12"]
[SourceQuality "1"]
[WhiteTeam "Neukoelln"]
[BlackTeam "Luebeck"]
[WhiteTeamCountry "GER"]
[BlackTeamCountry "GER"]

1. e4 d5 2. exd5 Qxd5 3. Nc3 Qa5 4. d4 Nf6 5. Nf3 c6 6. Bc4 Bf5 7. Bd2 e6 8.
Qe2 Bb4 9. O-O-O Nbd7 10. a3 Bxc3 11. Bxc3 Qc7 12. Ne5 b5 13. Bd3 O-O 14. Bxf5
exf5 15. Qf3 Nd5 16. Qxf5 Nxc3 17. Nxd7 Nxd1 18. Nxf8 Rxf8 (18... g6 $2 19. Ne6
Qd6 20. Qf6 fxe6 21. Rxd1 Rf8 22. Qh4 $16) 19. Rxd1 (19. Kxd1 Rd8 20. Qe4 c5
$11) 19... Qxh2 20. Qe4 Qh6+ 21. f4 Qg6 $5 $146 (21... f5 22. Qe5 Qg6 23. d5
Re8 24. Qc7 cxd5 25. Qxa7 Qd6 (25... Qxg2 $2 26. Rg1 $18) 26. Qd4 Rd8 27. Re1
$14 {1-0 Rebel_Tiger 12.0e-Century/Cadaques ESP 2000 (102). (101)}) 22. Re1 (
22. Qxg6 $5 fxg6 23. d5 cxd5 24. Rxd5 Rxf4 25. Rxb5 Rf1+ 26. Kd2 Rf2+ {muss
genau geprüft werden.}) 22... Qg3 23. Re3 Qf2 24. b3 h6 25. Rc3 f5 $11 26. Qe6+
Kh7 27. g3 Qxd4 28. Qxc6 a5 29. Qc5 Qf6 $1 30. Kb1 a4 31. b4 Rd8 32. Rd3 (32.
Kb2 $5 Rb8 33. Qc6 {kam in Betracht.}) 32... Rxd3 33. cxd3 Qe6 34. Kc1 (34.
Qxb5 $6 Qb3+ 35. Kc1 Qxa3+ {bringt Weiß eher in Gefahr.}) 34... Qe1+ 35. Kc2
Qe2+ 36. Kc3 Qe1+ (36... Qe1+ 37. Kc2 $11 (37. Kd4 Qa1+ 38. Kd5 Qxa3 39. Qxb5 {
sollte Schwarz wegen seines weiter vorgerückten a-Freibauern nicht verlieren.})
) 1/2-1/2

[Event "Steinitz Memorial-A 1st"]
[Site "Prague"]
[Date "2000.12.28"]
[Round "3"]
[White "Hausner, Ivan"]
[Black "Konopka, Michal"]
[Result "0-1"]
[WhiteElo "2412"]
[BlackElo "2453"]
[Annotator "Mueller,Karsten"]
[PlyCount "48"]
[EventDate "2000.12.26"]
[EventType "tourn"]
[EventRounds "9"]
[EventCountry "CZE"]
[EventCategory "8"]
[SourceTitle "CBM 081"]
[Source "ChessBase"]
[SourceDate "2001.03.20"]
[SourceVersion "1"]
[SourceVersionDate "2001.03.20"]
[SourceQuality "1"]

1. e4 d5 2. exd5 Qxd5 3. Nc3 Qa5 4. d4 c6 5. Nf3 Nf6 6. Bd3 Bg4 7. h3 Bh5 8.
Bd2 e6 (8... Qc7 9. Qe2 Nbd7 10. O-O-O e6 11. Kb1 Bd6 12. Rhe1 O-O-O $11 {
0-1 Barlow,B-Houska,J/London 1999/CBM 70 ext (67)}) (8... Nbd7 9. Qe2 e6 10.
O-O-O Bb4 11. g4 Bg6 12. Kb1 O-O-O $11 {0-1 Lutz,K-Wahls,M/Biel 1992/EXP 31 
(35)}) 9. Ne4 (9. Qe2 Bb4 10. a3 Nbd7 11. O-O-O Bxc3 12. Bxc3 Qc7 13. g4 Bg6
14. Ne5 Nd5 15. Bd2 Nxe5 16. dxe5 b5 17. Bxg6 hxg6 18. h4 O-O-O 19. h5 $14 {
1/2-1/2 Managadze,N-Istratescu,A/Halkida GRE 2000/The Week in Chess 302 (41)})
9... Qc7 10. Nxf6+ gxf6 11. O-O {Hausner will es wissen und strebt eine
Stellung mit unterschiedlichen Rochaden an.} (11. Qe2 {mit der Idee, in der
Folge lang zu rochieren kam auch in Betracht.}) 11... Nd7 12. Re1 Bd6 13. c4
O-O-O 14. b4 Bf4 15. Bc3 Rhg8 16. a4 Rg7 (16... Ne5 17. dxe5 Bg6 $13) 17. Ra3
$2 {diese phrophylaktische Maßnahme f3 später besser decken zu können, geht
nach hinten los.} ({Was sprach gegen ein Fortsetzung des eigenen Angriffs mit} 
17. b5 {? Zum Beispiel:} Rdg8 18. Bf1 c5 19. d5 Ne5 20. Bxe5 Bxe5 21. Ra3 $13)
{[%tqu "En","Black to move and win","","","f4c1","Weil der Läufer nicht gut
geschlagen werden kann, wird der Dame ermöglicht, mit großer Kraft nach f4
nachzurücken.",7,"De","Schwarz zieht und gewinnt","Die Fesselung des Springers
f3 sieht sehr bedrohlich aus...","Es ist ein Läuferzug.","f4c1","Weil der
Läufer nicht gut geschlagen werden kann, wird der Dame ermöglicht, mit großer
Kraft nach f4 nachzurücken.",7]} 17... Bc1 $3 $19 18. Rb3 (18. Qxc1 Bxf3 19. g4
(19. Bf1 Bxg2 20. Bxg2 Rdg8 $19) 19... h5 $19) 18... Qf4 19. Bf1 (19. Kh1 Rxg2
20. Kxg2 Rg8+ 21. Kf1 Bxf3 22. Qxc1 Qh2 $19) (19. Be2 Rdg8 20. g3 Rxg3+ $19)
19... Ne5 $1 (19... Bxf3 {ist nicht ganz so durchschlagend:} 20. Qxc1 Qxc1 21.
Rxc1 Bxg2 22. Bxg2 Rdg8 23. Kf1 Rxg2 $17 {/-+}) 20. dxe5 Rxd1 21. Rxd1 Bxf3 22.
Rd4 Rxg2+ 23. Bxg2 Qg5 24. Rg4 Bxg4 0-1

[Event "RUS-chT 07th"]
[Site "Smolensk"]
[Date "2000.04.24"]
[Round "10"]
[White "Newerovski, Gennadi"]
[Black "Rodin, Dmitrij"]
[Result "0-1"]
[WhiteElo "2375"]
[BlackElo "2343"]
[Annotator "Mueller,Karsten"]
[PlyCount "50"]
[EventDate "2000.04.15"]
[EventType "team-tourn"]
[EventRounds "11"]
[EventCountry "RUS"]
[SourceTitle "CBM 077"]
[Source "ChessBase"]
[SourceDate "2000.07.27"]
[SourceVersion "1"]
[SourceVersionDate "2000.07.27"]
[SourceQuality "1"]
[WhiteTeam "Smolensk TsEM"]
[BlackTeam "Voronezh OShK"]
[WhiteTeamCountry "RUS"]
[BlackTeamCountry "RUS"]

1. e4 d5 2. exd5 Nf6 3. c4 e6 4. dxe6 Bxe6 5. d4 Bb4+ 6. Bd2 Qe7 7. Bxb4 Qxb4+
8. Qd2 Nc6 9. d5 O-O-O 10. Nc3 Bg4 $5 (10... Bf5 $6 11. O-O-O Na5 12. Nf3 $2 (
12. Qf4 $5 Bg6 13. Nf3 $14) 12... Nxc4 $132 {1-0 Horvath,J-Dupsky,L/Zalakaros
1992/EXT 92op (32)}) 11. h3 $6 $146 (11. f3 Rhe8+ 12. Be2 Bf5 13. O-O-O Na5 14.
Qf4 (14. g4 Bg6 15. Nh3 $2 Nd7 16. Nb1 $2 Qb3 $1 17. Bd3 Qxa2 18. Qb4 Re2 $1
19. Bxe2 Nb3+ 20. Qxb3 Qxb3 21. Rd2 Qe3 {0-1 Kuijf,M-Hodgson,J/Wijk 1989/CBM
12 (21)}) 14... Bg6 15. Rd4 $13 {1/2-1/2 Ahlberg,G-Richter,K/Bad Woerishofen
1992/EXT 92ch (40)}) 11... Rhe8+ 12. Nge2 (12. Be2 $2 Bxe2 13. Ngxe2 Qxc4 14.
O-O Nxd5 $19) 12... Qxc4 $5 {[%mdl 512] eine sehr mutige Entscheidung.} (12...
Bxe2 {kam natürlich auch in Betracht, läßt den weißen König aber nach} 13. Bxe2
Qxc4 14. O-O {in Sicherheit entkommen.}) 13. hxg4 Nxd5 14. Nxd5 (14. O-O-O Ndb4
15. Nd4 (15. Qg5 $2 Nxa2+ 16. Kb1 Rxd1+ 17. Nxd1 Qd3+ 18. Kxa2 Nb4+ 19. Ka1 Re6
$19) 15... Qc5 16. Rh5 Qf8 17. Ncb5 (17. Qf4 Nxd4 18. Rxd4 Re1+ 19. Kd2 Rxf1
$17) 17... Nxd4 18. Nxd4 Re4 $13) 14... Rxd5 15. Qc3 Qxg4 16. Rc1 (16. Qh3 Qxh3
17. Rxh3 Nb4 $15) 16... Qd7 17. Rxh7 (17. g3 $5 Nd4 18. f4 Qe7 19. Rh2 c6 $44)
17... Ne5 18. Rh3 Rd3 19. Rxd3 Nxd3+ 20. Kd2 $2 (20. Kd1 $1 Rd8 (20... Nxf2+
21. Kc2 Qf5+ 22. Kb3 Qb5+ $11) 21. Rc2 Nxf2+ 22. Ke1 Nd3+ 23. Kd1 Nc5+ 24. Rd2
Ne4 25. Rxd7 Nxc3+ 26. Nxc3 Kxd7 $15) 20... Rd8 $1 21. Ra1 Nxf2+ (21... Nb4+
22. Ke1 Qa4 23. b3 Qa5 24. Rc1 Rd3 $19) 22. Ke3 $6 (22. Ke1 Nd3+ 23. Kd1 (23.
Kd2 Qf5 24. Nd4 Nc5 $19) 23... Qf5 24. Ng3 Nb4+ 25. Ke2 Qf4 26. Ke1 Nd3+ 27.
Bxd3 Qxg3+ $19) 22... Qf5 23. Nf4 Ng4+ 24. Kf3 g5 25. g3 gxf4 0-1